000 00984 a2200217 4500
001 134465
020 _a85-08-09460-4
040 _cLeonardo Da Vinci
041 _aPortuguês
082 _a574 P353ba
_bP353ba
100 _aPAULINO, Wilson Roberto
245 _aBiologia
250 _a9.ed
260 _bÁtica
_c2004
_aSão Paulo
300 _a464
362 _a200400000
490 _aNovo Ensino Médio
500 _aDe acordo com as Diretrizes Curriculares Nacionais para o Ensino Médio
697 _aBiologia
_aGenética
_aEvolução
_aTeoria de Mendel
_aGrupo sanguineo
_aSistema RH
_aGenes
_aOrigem da vida
_aTeoria da evolução
_aTeoria de Darwin
_aEmbriologia
_aPopulação
_aEcologia
_aEcossistema
_aQuímica
_aEnergia
_aNutrição
_aEcologia
_aBiosfera
_aVegetal
_aMeio ambiente
_aCitologia
_aHistologia
_aBiodiversidade
_aVacina
_aOrigem da vida
_aCélula
_aDivisão celular
_aFotossíntese
_aSeres vivos
_aVírus
_aAids
_aDengue
_aReino Monera
_aReino Protista
_aEnsino Médio
942 _cBK
999 _c134465
_d134465